000 01169naa a22004090a 4500
001 UByD001030
003 AR-LpoUNG
005 20221006181222.0
008 220929s1985||||ag |||||||||||||||||spa d
020 _a950968001X
040 _aAR-LpoUNG
_bspa
_eaacr
041 _aspa
044 _aag
082 0 _a910.82 532and
100 1 _aChiappe, Lucas
_efot.
245 1 0 _aAndes patagónicos :
_bimágenes de un sueño : construcciones artesanales, agricultura orgánica y ecología en los valles del sur argentino
260 _aNeuquén :
_bSiringa,
_c1985.
300 _a150 p:
_bfot.
650 4 _aARGENTINA
650 4 _aASPECTOS GEOGRAFICOS
650 4 _aCOMUNIDADES
650 4 _aDISTRIBUCION GEOGRAFICA
650 4 _aESTUDIOS DE CASOS
650 4 _aGEOGRAFIA
650 4 _aGEOGRAFIA HUMANA
650 4 _aGESTION AMBIENTAL
650 4 _aINVESTIGACION
650 4 _aPOBLACION
650 4 _aSISTEMAS DE INFORMACION GEOGRAFICA
650 4 _aMONTAÑAS
650 4 _aASPECTOS AGRICOLAS
650 4 _aAGRICULTURA
650 4 _aAGRICULTURA SOSTENIBLE
710 2 _aFondo Nacional de las Artes
905 _a48724
942 _cLIB
_2ddc
999 _c63648
_d63648